000
00319nam a2200133Ia 4500
008
220216s9999 xx 000 0 und d
100
_a
King B
245
0
_a
Waste in the rubber industry
260
_b
IRI Transactions
_c
1939
300
_a
125-130
650
_a
Rubber industry
650
_a
Rubber waste
942
_c
JS
999
_c
72279
_d
72279